000 00417cam a2200169ua 4500
020 _c2.50
041 _amal
_h
082 _a894.812308
_bDAL/VA
100 _aDalada, Grecia .
245 _aVanithayum vaidikanum /
_cGrecia Dalada.
_hTextual Documents
260 _aTiruvalla :
_bSouthern book stall ,
_c1962.
300 _a216 ; .
365 _a2.50
504 _a
942 _cBK
999 _c11717
_d11717